Στατιστική του τουρισμού Tourist statistics

Αποθηκεύτηκε σε:
Λεπτομέρειες βιβλιογραφικής εγγραφής
Συγγραφή απο Οργανισμό/Αρχή: Εθνική Στατιστική Υπηρεσία της Ελλάδος
Μορφή: Περιοδική έκδοση
Γλώσσα:Greek
English
Δημοσίευση: Αθήνα : Εθνική Στατιστική Υπηρεσία της Ελλάδος, 1983-
Σειρά:Μ-Μεταφορές, επικοινωνίες
Θέματα:
Διαθέσιμο Online:Διάθεση ΕΛΣΤΑΤ:
Ετικέτες: Προσθήκη ετικέτας
Δεν υπάρχουν, Καταχωρήστε ετικέτα πρώτοι!

MARC

LEADER 00000nas a2200000 i 4500
001 1/56349
008 040528c19839999gr u rss | |gre||
022 |a 02563649 
035 |l 10073587 
040 |a GR-MY-UA  |b gre  |e aacr 
041 0 |a gre  |a eng 
082 0 |a 338.4791  
110 2 |a Εθνική Στατιστική Υπηρεσία της Ελλάδος. 
245 1 0 |a Στατιστική του τουρισμού   |h [περιοδικό] =   |b Tourist statistics /   |c Εθνική Στατιστική Υπηρεσία της Ελλάδος.  
246 2 |a Tourist statistics   |h [περιοδικό]  
260 |a Αθήνα :   |b Εθνική Στατιστική Υπηρεσία της Ελλάδος,   |c 1983-  
300 |a τ. :   |b πίν. ;   |c 29 εκ.  
310 |a Διετές (Ακανόνιστο)  
490 1 |a (Μ-Μεταφορές, επικοινωνίες)  
650 0 0 |a Tourism  |z Greece  |x Statistics  |x Periodicals. 
830 0 |a Μ-Μεταφορές, επικοινωνίες 
853 |a INST  |b CHIOS  |c SER  |h 338.4791 
856 |z Διάθεση ΕΛΣΤΑΤ:   |u http://dlib.statistics.gr/portal/page/portal/ESYE/complexsearch 
901 |a BIBL2-2004-1 
901 |a BIBL1-2006-1 
920 |a ΕΘΝΙΚΗ ΣΤΑΤΙΣΤΙΚΗ ΥΠΗΡΕΣΙΑ ΕΛΛΑΔΟΣ (ΕΣΥΕ)  |y Χίος  |z 1996-09 
920 |a ΕΘΝΙΚΗ ΣΤΑΤΙΣΤΙΚΗ ΥΠΗΡΕΣΙΑ ΕΛΛΑΔΟΣ (ΕΣΥΕ)  |y Λέσβος 
970 |a ΧΑΖΙΡΗ  |b ΑΝΝΑ  |z 2004/05/28